Tartásdíj kiutalása iránt az árvaszékhez az anya mint gyám által benyújtott kérvény bélyegmentes

Elmentve itt :
Bibliográfiai részletek
Dokumentumtípus: Cikk
Megjelent: 1930
Sorozat:Polgári jog : a hazai és külföldi magánjog és hiteljog szemléje 6
Kulcsszavak:Tartásdíj kérelem illetékmentesség
Online Access:http://misc.bibl.u-szeged.hu/5695
LEADER 00647nab a2200157 i 4500
001 misc5695
005 20191106142620.0
008 170607s1930 hu o 0|| hun d
040 |a SZTE Miscellanea Repozitórium  |b hun 
041 |a hun 
245 0 0 |a Tartásdíj kiutalása iránt az árvaszékhez az anya mint gyám által benyújtott kérvény bélyegmentes  |h [elektronikus dokumentum] 
260 |c 1930 
300 |a 66-67b 
490 0 |a Polgári jog : a hazai és külföldi magánjog és hiteljog szemléje  |v 6 
695 |a Tartásdíj kérelem illetékmentesség 
856 4 0 |u http://misc.bibl.u-szeged.hu/5695/1/polgari_jog_1930_066-067b.pdf  |z Dokumentum-elérés